English Football Teams - Click Quiz - Statistics

General Stats
  • This quiz has been taken 35 times
    9 since last reset
  • The average score is 10 of 20
Answer Stats
Hint Answer % Correct
Manchester City Premier League
100%
Burnley Premier League
75%
Arsenal Premier League
75%
Aston Villa Premier League
75%
Westham United Premier League
75%
Luton Town Championship
63%
Swansea City Championship
63%
Sheffield United Championship
63%
Grimsby Town League 2
63%
Tottenham Hotspur Premier League
63%
Northampton Town League 1
50%
Exeter City League 1
50%
Birmingham City League 1
38%
Bradford City League 2
38%
AFC Wimbledon League 2
38%
Sunderland Championship
25%
Leeds United Championship
25%
Wrexham League 1
25%
Leicester City Premier League
25%
Cambridge United League 1
13%
No matching quizzes found
Score Distribution
Percent of People with Each Score
Percentile by Number Answered
Your Score History
You have not taken this quiz since the last reset